[Event "Bampada Balasore op 2nd"]
[Site "Bampada"]
[Date "2017.05.09"]
[Round "8"]
[White "Nayak, Rajesh"]
[Black "Chattarjee, Laltu"]
[Result "1-0"]
[WhiteElo "2067"]
[BlackElo "2046"]
[PlyCount "47"]
[EventDate "2017.05.05"]
[EventType "swiss"]
[EventRounds "9"]
[EventCountry "IND"]
[SourceTitle "CBM 178 Extra"]
[Source "ChessBase"]
[SourceDate "2017.06.22"]
[SourceVersion "1"]
[SourceVersionDate "2017.06.22"]
[SourceQuality "1"]

1. e4 e5 2. Nf3 Nc6 3. Nc3 Nf6 4. Bb5 Bb4 5. 0-0 0-0 6. d3 d6 7. Ne2 h6 8. c3 Ba5 9. Ng3 Ne7 10. d4 c6 11. Bd3 Qc7 12. h3 Bb6 13. Be3 Ng6 14. Re1 Bd7 15. Qd2 Rfe8 16. Rad1 Rad8 17. Bxh6 gxh6 18. Qxh6 Re6 19. Ng5 Bc8 20. Nf5 Ne8 21. Re3 Rf6 22. Rg3 exd4 23. Qh7+ Kf8 24. Qh8+ 1-0

[Event "Bampada Balasore op 2nd"]
[Site "Bampada"]
[Date "2017.05.05"]
[Round "1"]
[White "Chattarjee, Laltu"]
[Black "Arushi, Srichandan"]
[Result "1-0"]
[WhiteElo "2046"]
[BlackElo "1016"]
[PlyCount "61"]
[EventDate "2017.05.05"]
[EventType "swiss"]
[EventRounds "9"]
[EventCountry "IND"]
[SourceTitle "CBM 178 Extra"]
[Source "ChessBase"]
[SourceDate "2017.06.22"]
[SourceVersion "1"]
[SourceVersionDate "2017.06.22"]
[SourceQuality "1"]

1. e4 e5 2. f4 Bc5 3. Nf3 Nc6 4. Bc4 d6 5. c3 Nf6 6. d4 exd4 7. cxd4 Bb6 8. Nc3 Ba5 9. Bd3 Bg4 10. d5 Nd4 11. Qa4+ c6 12. Qxd4 0-0 13. Bd2 Bb6 14. Qa4 Qc7 15. dxc6 bxc6 16. 0-0-0 Be6 17. f5 Bxf5 18. exf5 d5 19. g4 d4 20. Ne4 Nd5 21. Nxd4 Rac8 22. Nc2 Qe7 23. f6 Nxf6 24. Bg5 h6 25. Nxf6+ gxf6 26. Rhe1 Qc7 27. Qe4 f5 28. Qxf5 f6 29. Bxf6 Qf7 30. Bc4 Qxc4 31. Qg6# 1-0

[Event "New Delhi Parsvnath op 8th"]
[Site "New Delhi"]
[Date "2010.01.20"]
[Round "9"]
[White "Kulkarni, Chinmay"]
[Black "Chattarjee, Laltu"]
[Result "0-1"]
[WhiteElo "2339"]
[BlackElo "2192"]
[PlyCount "58"]
[EventDate "2010.01.14"]
[EventType "swiss"]
[EventRounds "11"]
[EventCountry "IND"]
[SourceTitle "CBM 134 Extra"]
[Source "ChessBase"]
[SourceDate "2010.03.03"]
[SourceVersion "1"]
[SourceVersionDate "2010.03.03"]
[SourceQuality "1"]

1. Nf3 d5 2. c4 c6 3. g3 dxc4 4. a4 f6 5. Qc2 e5 6. Qxc4 Qd5 7. Qc2 Na6 8. Nc3 Nb4 9. Qd1 Qf7 10. d3 Be6 11. Nd2 h5 12. h3 Ne7 13. Bg2 h4 14. g4 Ng6 15. Nce4 Nf4 16. Bf3 0-0-0 17. Kf1 Be7 18. b3 g6 19. Nc4 Bxc4 20. bxc4 Nbxd3 21. exd3 Rxd3 22. Nd2 Rhd8 23. Rb1 Qxc4 24. Kg1 Qd4 25. a5 Bb4 26. a6 Bxd2 27. axb7+ Kb8 28. Bxd2 Rxd2 29. Qe1 e4 0-1

[Event "New Delhi Parsvnath op 8th"]
[Site "New Delhi"]
[Date "2010.01.19"]
[Round "8"]
[White "Chattarjee, Laltu"]
[Black "Suvrajit, Saha"]
[Result "1/2-1/2"]
[WhiteElo "2192"]
[BlackElo "2343"]
[PlyCount "46"]
[EventDate "2010.01.14"]
[EventType "swiss"]
[EventRounds "11"]
[EventCountry "IND"]
[SourceTitle "CBM 134 Extra"]
[Source "ChessBase"]
[SourceDate "2010.03.03"]
[SourceVersion "1"]
[SourceVersionDate "2010.03.03"]
[SourceQuality "1"]

1. e4 c5 2. Nf3 d6 3. d4 cxd4 4. Nxd4 Nf6 5. f3 e5 6. Bb5+ Nbd7 7. Nf5 d5 8. exd5 a6 9. Bxd7+ Qxd7 10. Ne3 b5 11. c4 Bc5 12. Nc3 0-0 13. 0-0 bxc4 14. Kh1 Bxe3 15. Bxe3 Bb7 16. d6 Rfd8 17. Bb6 Re8 18. Bc7 e4 19. fxe4 Nxe4 20. Nxe4 Rxe4 21. Qd2 Rae8 22. Rae1 h5 23. Kg1 Rxe1 1/2-1/2

[Event "Gurgon op 1st"]
[Site "Gurgon"]
[Date "2009.01.22"]
[Round "2"]
[White "Kostenko, Petr"]
[Black "Chattarjee, Laltu"]
[Result "0-1"]
[WhiteElo "2501"]
[BlackElo "2213"]
[PlyCount "88"]
[EventDate "2009.01.21"]
[EventType "swiss"]
[EventRounds "10"]
[EventCountry "IND"]
[SourceTitle "CBM 128 Extra"]
[Source "ChessBase"]
[SourceDate "2009.03.05"]
[SourceVersion "2"]
[SourceVersionDate "2009.03.25"]
[SourceQuality "1"]

1. e4 e5 2. Nf3 Nc6 3. Bc4 Bc5 4. c3 Nf6 5. d3 d6 6. Nbd2 a6 7. Nf1 Be6 8. Bb3 Bxb3 9. Qxb3 Ng4 10. Ne3 Nxe3 11. Bxe3 Bxe3 12. fxe3 b5 13. 0-0 0-0 14. Nd2 Qd7 15. Rf5 Ne7 16. Rf3 Qe6 17. d4 Qxb3 18. axb3 c5 19. Rff1 Rfc8 20. d5 Rc7 21. Ra5 g6 22. Kf2 f5 23. Ke2 Kg7 24. Kd3 h5 25. Nf3 c4+ 26. bxc4 fxe4+ 27. Kxe4 Rxc4+ 28. Kd3 e4+ 29. Ke2 exf3+ 30. gxf3 Nxd5 31. Rd1 Nf6 32. Rxd6 Rh4 33. b4 Rxh2+ 34. Kd3 h4 35. Raxa6 Rxa6 36. Rxa6 h3 37. Ra1 Rf2 38. f4 h2 39. c4 bxc4+ 40. Kxc4 Ng4 41. Kd4 Rg2 42. Rh1 Nf2 43. Rxh2 Rxh2 44. b5 Rh5 0-1